000 00606nam a2200229 a 4500
005 20140310183510.0
008 101021s19uu xx 00 eng d
020 _a9781412923194
050 _aHD 59
_b.K49 2009
100 _aFranklin, Bob
245 _aKey concepts in public relations. /
_cBob Franklin et.al.
260 _aLos Angeles :
_bSage,
_c2009.
300 _a253 p. :
_c22 cm.
521 _aMC
650 _aPublic relations.
700 _aHogan, Mike
700 _aLangley, Quentin
700 _aMosdell, Nick
700 _aPill, Elliot
942 _cBK
_2lcc
_kFOR
999 _c24158
_d24158